Hunger Games - événements de la 75e arènes - Statistiques

Statistiques générales
  • Ce quiz a été pris 740 fois
  • Le résultat moyen est 4 sur 8
Statistiques - réponses
Heures Événements % Correct
10h-11h Vague géante
87%
1h-2h Pluie de Sang
85%
3h-4h Singes génétiquement modifiés
81%
00h-1h Foudre
70%
2h-3h Brouillard empoisonné
68%
4h-5h Geais bavards
36%
11h-12h Insectes bruyants
2%
6h-7h Les "bêtes"
2%
Aucun quiz correspondant
Distribution des résultats
% des personnes avec chaque résultat
Percentile par nombre de réponses
Votre historique - résultats
Vous n’avez pas pris ce quiz